000 00570nam a2200229Ia 4500
003 OSt
005 20221005121529.0
006 a|||||r|||| 00| 0
007 ta
008 221004b |||||||| |||| 00| 0 urd d
024 _a9419
037 _cTextual
040 _aCRL
_cCRL
_burd
041 _2urd
_aurd
082 _aY:1v2.N5, 168N55
100 _aHassan Jafar
_9630726
245 0 _aHindustani Samajiyat
260 _c1955
650 _aURDU LITERATURE
942 _hY:1v2.N5, 168N55
_cTEXL
_2cc
999 _c1041426
_d1041426